[Event "NED-ch 1990"]
[Site "Hilversum"]
[Date "1990.??.??"]
[Round "2"]
[White "De Boer, Gert Jan"]
[Black "Nijboer, Friso"]
[Result "1/2-1/2"]
[WhiteElo "2375"]
[BlackElo "2485"]
[Annotator "Knaak"]
[PlyCount "52"]
[EventDate "1990.06.??"]
[Source "ChessBase"]
[SourceDate "2004.01.01"]

1. d4 Nf6 2. c4 g6 3. Nc3 Bg7 4. e4 d6 5. Be2 O-O 6. Nf3 e5 7. O-O Nc6 8. d5
Ne7 9. Nd2 c5 10. Rb1 Ne8 11. b4 b6 12. bxc5 bxc5 13. Nb3 Kh8 $1 {
Verbesserung gegenueber 13...f5 14.Bg5 Kh8.} 14. Bd2 (14. Qc2 $5 f5 15. f4 $1
Ng8 16. exf5 Bxf5 17. Bd3 Rb8 18. Bd2 exf4 19. Bxf4 Rb7 20. Bxf5 Rxf5 21. Ne4
$14 {Baikov-Krasenkov/Moscov ch/1988}) 14... f5 15. f3 (15. Nb5 fxe4 16. Ba5
Qd7 17. Nd2 Qf5 18. Qc2 (18. Nc3 Nf6 $10 {Shirov-Lanka/Torcy/1990}) 18... e3
19. Ne4 exf2+ 20. Rxf2 Qd7 21. Rxf8+ Bxf8 22. Rf1 Bh6 23. Bc3 $44 {Shirov})
15... Nf6 16. Bd3 a5 17. a4 Neg8 18. Qc1 Nh5 19. g3 Nhf6 20. exf5 gxf5 21. Qc2
Nh5 22. Rbe1 Bh6 23. Nb5 Bxd2 24. Qxd2 Rf7 25. Kh1 Rg7 26. Rg1 Ngf6 1/2-1/2

[Event "NED-ch 1990"]
[Site "Hilversum"]
[Date "1990.??.??"]
[Round "2"]
[White "Van der Sterren, Paul"]
[Black "Bosboom, Manuel"]
[Result "1-0"]
[WhiteElo "2515"]
[BlackElo "2425"]
[Annotator "Knaak"]
[PlyCount "53"]
[EventDate "1990.06.??"]
[Source "ChessBase"]
[SourceDate "2004.01.01"]

1. Nf3 Nf6 2. c4 g6 3. Nc3 Bg7 4. d4 O-O 5. e4 d6 6. Be2 e5 7. O-O Nbd7 8. Qc2
c6 9. d5 c5 10. a3 Ne8 11. b4 b6 12. Bd2 Bf6 {Die Vorbereitung von f5 mittels
12...h6 wuerde das Feld g6 empfindlich schwaechen} 13. bxc5 bxc5 14. Rab1 Be7
15. Bh6 Ng7 16. Qd2 Kh8 17. Ne1 f5 18. exf5 gxf5 19. f4 Rf6 $6 (19... e4 20.
Nc2 (20. Bg5 Bxg5 21. fxg5 Ne5 22. Nc2 Ba6 23. Nb5 Bxb5 24. Rxb5 Rb8 $13) 20...
Ba6 21. Ne3 Bh4 $1 {/\ Qf6}) 20. fxe5 Nxe5 21. Nf3 $16 Ng4 22. Bxg7+ Kxg7 23.
h3 Nh6 24. Bd3 Qf8 25. Ne2 f4 26. Ng5 f3 27. Nxh7 1-0

[Event "NED-ch 1990"]
[Site "Hilversum"]
[Date "1990.??.??"]
[Round "4"]
[White "Pliester, Leon"]
[Black "Nijboer, Friso"]
[Result "1-0"]
[WhiteElo "2390"]
[BlackElo "2485"]
[Annotator "Knaak"]
[PlyCount "121"]
[EventDate "1990.06.??"]
[Source "ChessBase"]
[SourceDate "2004.01.01"]

1. d4 {. . Shirov} 1... Nf6 2. c4 g6 3. Nc3 Bg7 4. e4 d6 5. Nf3 O-O 6. Be2 e5
7. O-O Nc6 8. d5 Ne7 9. Ne1 Nd7 10. Nd3 f5 11. Bd2 Kh8 12. f3 f4 {>= 12...Nf6}
13. g4 $1 fxg3 ({RR} 13... Ng8 14. Be1 Bf6 15. Kg2 h5 16. h3 Nh6 17. Rh1 Bh4
18. b4 Nf7 19. Rc1 a5 20. a3 axb4 21. axb4 Bxe1 22. Qxe1 Nf6 23. Nf2 Kg7 24.
Ra1 Rxa1 25. Qxa1 Rh8 26. Qd1 Bd7 27. Nd3 Rh7 28. Qa1 {
Lassila,E-Frolov,A/Jyvaskyla 1994/EXT 94op/0-1 (50)}) ({RR} 13... Bf6 14. Qc2 (
{RR} 14. Be1 h5 15. h3 Ng8 16. b4 Bh4 17. c5 Rf7 18. Kg2 Rh7 19. cxd6 cxd6 20.
Bxh4 Qxh4 21. Qe1 Qf6 22. Qf2 Nf8 23. a4 g5 24. Rfc1 Bd7 25. Kf1 Ng6 26. Ke1
hxg4 27. hxg4 Rh3 28. Kd2 Nh4 29. Rh1 Rxh1 30. Rxh1 Kg7 31. Nb2 Qe7 32. Bb5 Bc8
33. Kc2 Nf6 34. Kb3 Qc7 35. Rxh4 gxh4 36. Qxh4 a6 37. Qg5+ Kf7 38. Nc4 Qd8 39.
a5 Rb8 40. Ba4 Qc7 41. Qh6 Bxg4 42. fxg4 Rc8 43. Bc6 bxc6 44. g5 Ne8 45. Nb6
Rb8 46. Qh7+ Ng7 47. dxc6 Rg8 48. g6+ Kf8 49. Nd7+ {
1-0 Shirov,A-Lanka,Z/Moscow 1991/CBM 26 (49)}) 14... h5 15. h3 Bh4 16. Kg2 Rf7
17. b4 Nf6 18. c5 g5 19. Rac1 Ng6 20. Rh1 Bg3 21. Nf2 Rh7 22. a4 Bd7 23. Nb5 a6
24. Na3 Kg7 25. Nc4 Qh8 26. Be1 hxg4 27. Nxg4 Bxg4 28. fxg4 {
Pliester,L-Krakops,M/Groningen 1995/EXP 50/0-1 (40)}) 14. hxg3 Nf6 15. Kg2 c6
16. a4 Bd7 17. Rh1 $16 h5 18. f4 cxd5 19. cxd5 Qb6 20. fxe5 dxe5 21. Qg1 $1 Ng4
22. Qxb6 axb6 23. Rhc1 Rfc8 24. Rf1 Kg8 25. Bg5 Re8 26. Nb5 Bxb5 27. axb5 Rxa1
28. Rxa1 Nc8 29. Bxg4 hxg4 30. Rc1 Nd6 31. Nf2 Nxb5 32. Nxg4 Nd6 33. Rc7 Nxe4
34. Be7 Bf8 35. d6 Bxe7 36. dxe7 Kf7 37. Nxe5+ Kf6 38. Ng4+ Ke6 39. Rxb7 Rxe7
40. Rxb6+ Kd5 41. Rxg6 Kc4 42. Nf2 Nc5 43. Rc6 Kd5 44. Rc8 Rb7 45. b4 Ne6 46.
Nd3 Rb6 47. Kh3 Ng5+ 48. Kg4 Ne4 49. Rd8+ Kc4 50. Kf4 Nxg3 51. Kxg3 Re6 52. Kf3
Re7 53. Nf4 Re1 54. Rc8+ Kb5 55. Rc5+ Ka4 56. Nd3 Re8 57. Rc4 Kb3 58. Re4 Rd8
59. Ke3 Kc3 60. Nc5 Rd1 61. b5 1-0

[Event "NED-ch 1990"]
[Site "Hilversum"]
[Date "1990.??.??"]
[Round "4"]
[White "Van der Sterren, Paul"]
[Black "Blees, Albert"]
[Result "1-0"]
[WhiteElo "2515"]
[BlackElo "2400"]
[Annotator "Ribli"]
[PlyCount "80"]
[EventDate "1990.06.??"]
[Source "ChessBase"]
[SourceDate "2004.01.01"]

1. Nf3 Nf6 2. c4 c5 3. Nc3 Nc6 4. g3 g6 5. Bg2 Bg7 6. d4 cxd4 7. Nxd4 O-O 8.
O-O Nxd4 9. Qxd4 d6 10. Qd3 Bf5 11. e4 Be6 12. Bd2 (12. b3 Nd7 13. Bb2 a6 14.
Qe2 Qa5 15. Rfc1 Rfd8 16. Nd5 {Csom,I-Gligoric,S  Erevan 1989  CBM 14}) 12...
a6 13. b3 Rb8 14. Rac1 Nd7 15. Qe2 Ne5 16. h3 $5 (16. Rfd1 Bg4 17. f3 Bd7 18.
Be3 Bc6 19. c5 $1 $14 {Krogius-Tringov  Varna 1970  9/59}) 16... b5 17. cxb5
axb5 18. f4 Nc6 (18... b4 $2 19. Na4 $1 Nd7 20. f5 $18) 19. Nxb5 Bd7 20. Kh2
Nb4 21. a4 $1 Na6 22. Nxd6 exd6 23. Qxa6 Rxb3 24. Rb1 Qb8 25. Rxb3 Qxb3 26. a5
Bb5 27. Qb6 Qb2 28. Bc1 Qe2 29. Qxd6 Rc8 30. Rd1 Bc3 31. Ba3 Bxa5 32. Rc1 $1
Rd8 (32... Rxc1 $2 33. Qf8#) 33. Qf6 Re8 34. Bb2 Kf8 35. Rc5 Bd8 36. Qh8+ Ke7
37. Qe5+ Kf8 38. Qg7+ Ke7 39. f5 Bd7 40. Qf6+ Kf8 {Ribli} 1-0

[Event "NED-ch 1990"]
[Site "Hilversum"]
[Date "1990.??.??"]
[Round "5"]
[White "De Boer, Gert Jan"]
[Black "Van der Sterren, Paul"]
[Result "1/2-1/2"]
[WhiteElo "2375"]
[BlackElo "2515"]
[PlyCount "116"]
[EventDate "1990.06.??"]
[Source "ChessBase"]
[SourceDate "2004.01.01"]

1. d4 Nf6 2. c4 e6 3. Nf3 d5 4. Nc3 Be7 5. Bg5 h6 6. Bh4 O-O 7. e3 b6 8. Rc1
Bb7 9. cxd5 Nxd5 10. Nxd5 Bxd5 11. Bxe7 Qxe7 12. Be2 c5 13. dxc5 Rd8 14. Qc2
Rc8 15. O-O Nd7 16. Qd2 Nxc5 17. b4 Ne4 18. Qb2 a5 19. bxa5 bxa5 20. Nd2 Nxd2
21. Qxd2 Qa3 22. Bf3 Bxf3 23. gxf3 Rd8 24. Qc2 Rd5 25. Rfd1 Rad8 26. Rxd5 Rxd5
27. Rb1 Qd6 28. a4 Rg5+ 29. Kh1 Rh5 30. f4 Rc5 31. Qe4 f5 32. Qf3 Qd7 33. Rb6
Qxa4 34. Rxe6 Rc1+ 35. Kg2 Qc4 36. Re8+ Kh7 37. Qa8 Qf1+ 38. Kg3 Qg1+ 39. Qg2
Qd1 40. Qf3 Qd7 41. Qa8 Rg1+ 42. Kh3 Qb5 43. Rh8+ Kg6 44. Qe8+ Qxe8 45. Rxe8 a4
46. Ra8 Kh5 47. f3 g5 48. fxg5 hxg5 49. Rh8+ Kg6 50. Ra8 g4+ 51. Kh4 Rg2 52.
Ra6+ Kf7 53. Rxa4 Rxh2+ 54. Kg5 gxf3 55. Kxf5 Re2 56. Rf4 Rxe3 57. Kg4+ Ke6 58.
Rxf3 Rxf3 1/2-1/2

[Event "NED-ch 1990"]
[Site "Hilversum"]
[Date "1990.??.??"]
[Round "5"]
[White "Douven, Rudy"]
[Black "Van der Wiel, John"]
[Result "1/2-1/2"]
[WhiteElo "2440"]
[BlackElo "2550"]
[Annotator "Ribli"]
[PlyCount "54"]
[EventDate "1990.06.??"]
[Source "ChessBase"]
[SourceDate "2004.01.01"]

1. d4 d6 2. Nf3 g6 3. c4 Bg7 4. e4 Bg4 5. d5 $6 (5. Be2 Nc6 6. Be3 (6. Nbd2 Nf6
7. d5 Nb8 8. O-O Nbd7 {Olafsson,H-Speelman,J  Reykjavik Summit 1990  CBM 18})
6... e5 7. d5 Bxf3 8. Bxf3 Nd4 9. Bxd4 exd4 10. Na3 {
Van der Sterren,P-Seret,JL  Lyon zt 1990  CBM 18}) 5... Bxf3 6. Qxf3 Nd7 7. Be2
Ngf6 8. O-O c6 9. Nd2 O-O 10. Rb1 Bh6 $1 11. Bd3 Ne5 12. Qe2 cxd5 13. exd5 Qb6
14. Nf3 Bxc1 15. Rfxc1 Nxf3+ 16. Qxf3 a5 17. b3 Rfe8 18. Bf1 Qb4 19. Re1 Ra7 (
19... a4 $2 20. bxa4 Qxa4 21. Rxb7 Qxa2 22. Rbxe7) 20. Re3 Qd2 (20... a4 21. a3
Qxa3 22. b4 Qa2 23. Qd1 $146) 21. Re2 Qd4 22. Ree1 b6 23. g3 Kg7 24. Rbd1 Qc5
25. Rb1 Qa3 26. Qc3 Qb4 27. Qc1 Qc5 {Ribli} 1/2-1/2

[Event "NED-ch 1990"]
[Site "Hilversum"]
[Date "1990.??.??"]
[Round "6"]
[White "Piket, Jeroen"]
[Black "Nijboer, Friso"]
[Result "1-0"]
[WhiteElo "2495"]
[BlackElo "2485"]
[Annotator "Knaak"]
[PlyCount "101"]
[EventDate "1990.06.??"]
[Source "ChessBase"]
[SourceDate "2004.01.01"]

1. d4 Nf6 2. c4 g6 3. Nc3 Bg7 4. e4 d6 5. Nf3 O-O 6. h3 e5 7. dxe5 dxe5 8. Qxd8
Rxd8 9. Bg5 Nbd7 10. O-O-O Rf8 11. Be3 b6 $6 (11... c6 12. c5 Re8 13. Bc4 h6
14. g4 Nf8 15. Rhg1 N6h7 16. h4 Ne6 17. h5 g5 18. Nd2 Nd4 19. f3 Nf8 20. Rgf1
b5 $15 {Ivkov-De Wit/Amsterdam/1985/0-1}) 12. Nd5 Nxd5 13. cxd5 Bb7 14. Bb5 Nf6
15. Nd2 c6 {Fuehrt geradewegs zum klar schlechteren Endspiel. Aber was sonst?}
16. dxc6 Bxc6 17. Bxc6 Rac8 18. Kb1 Rxc6 19. Rc1 Rfc8 20. a4 Bf8 21. Rxc6 Rxc6
22. Rc1 Rxc1+ 23. Kxc1 Bb4 24. f3 Nd7 25. Nc4 f5 $6 {>= 26...Kf8} 26. Kc2 Kf7
27. a5 $1 b5 28. Kb3 Bf8 29. a6 $3 $18 {Schoen!} 29... Ke6 30. Bxa7 bxc4+ 31.
Kxc4 Kd6 32. Bc5+ Kc6 33. Bxf8 Nxf8 34. a7 Kb7 35. Kd5 fxe4 36. fxe4 Nd7 37.
Kd6 Nb6 38. Kxe5 Kxa7 39. Kf6 Kb7 40. Kg7 Nc4 41. Kxh7 Ne5 42. Kg7 Kc6 43. Kf6
Nd3 44. Kxg6 Nf4+ 45. Kf7 Kc5 46. h4 Kd4 47. g4 Kxe4 48. h5 Nh3 49. h6 Kf4 50.
Kg6 Ng5 51. b4 1-0

[Event "NED-ch 1990"]
[Site "Hilversum"]
[Date "1990.??.??"]
[Round "7"]
[White "Bosboom, Manuel"]
[Black "Douven, Rudy"]
[Result "1-0"]
[WhiteElo "2425"]
[BlackElo "2440"]
[Annotator "Horn,Pe"]
[PlyCount "79"]
[EventDate "1990.06.??"]
[Source "ChessBase"]
[SourceDate "2004.01.01"]

1. e4 c5 2. Nf3 e6 3. d3 Nc6 4. g3 d5 5. Nbd2 Bd6 {
Beliebter ist der Aufbau mit g6/Bg7/Nge7.} 6. Bg2 Nge7 7. O-O O-O 8. Re1 b6 9.
a3 {N} 9... Bb7 10. c3 Bc7 (10... a5 $5) 11. b4 Qd7 12. e5 (12. bxc5 bxc5 13.
Nb3 Bb6) 12... cxb4 13. axb4 Ng6 14. d4 $16 a5 (14... f6 $5) 15. bxa5 Rxa5 16.
Rxa5 Nxa5 17. h4 $40 h6 18. Nf1 Rc8 19. h5 Nf8 20. N1h2 Bd8 21. Ng4 $1 Rxc3 22.
Bxh6 $1 gxh6 23. Qd2 Rxf3 (23... Rc7 $2 24. Nf6+ Bxf6 25. exf6 Kh7 26. Ne5 Qd8
(26... Nc4 27. Qd3+) 27. Ng4 $18) 24. Bxf3 Nh7 25. Qxh6 Qe7 26. Be2 {/\ Bd3+-}
26... Qg5 (26... Qf8 27. Bd3) 27. Bd3 Qxh6 (27... Qg7) 28. Nxh6+ Kg7 29. Nxf7
Kxf7 30. Bxh7 Kg7 31. Bc2 Nc6 32. Rd1 b5 $2 (32... Ba6) 33. f4 Bb6 34. Kg2 Nxd4
35. h6+ $1 Kh8 (35... Kxh6 $2 36. Rh1+ Kg7 37. Rh7+ Kg8 38. Rxb7) 36. Bd3 Nc6 (
36... Nf5 37. Bxf5 exf5 38. e6 Bd8 39. Rc1 $18) 37. Bxb5 d4 38. Kh3 Kh7 $2 39.
Bd3+ Kxh6 40. Rb1 1-0

[Event "NED-ch 1990"]
[Site "Hilversum"]
[Date "1990.??.??"]
[Round "8"]
[White "Ree, Hans"]
[Black "Bosboom, Manuel"]
[Result "1-0"]
[WhiteElo "2455"]
[BlackElo "2425"]
[Annotator "Ribli"]
[PlyCount "56"]
[EventDate "1990.06.??"]
[Source "ChessBase"]
[SourceDate "2004.01.01"]

1. d4 Nf6 2. c4 d6 3. Nc3 Nbd7 4. Nf3 g6 5. e4 e5 6. Be2 Bg7 7. d5 a5 8. Be3
O-O 9. Nd2 Nc5 {-> E 93} 10. h4 $5 (10. a3 $5 Bd7 11. b4 axb4 12. axb4 Rxa1 13.
Qxa1 Na6 14. Qa3 $14) 10... Qd7 11. h5 c6 12. hxg6 hxg6 13. Rh4 Qd8 14. g3 Nh7
15. Nb3 $1 Nxb3 16. Qxb3 Bf6 17. Rh2 a4 18. Nxa4 cxd5 19. cxd5 Ng5 20. Nc3 Bg7
21. f4 exf4 22. gxf4 Nxe4 (22... Nh7 23. O-O-O) 23. Nxe4 Re8 24. Ng3 Qe7 25.
Kf2 $1 Bd7 26. Re1 Ba4 27. Qb6 Rac8 28. Bd3 Bc2 {Ribli} 1-0

[Event "NED-ch 1990"]
[Site "Hilversum"]
[Date "1990.??.??"]
[Round "9"]
[White "Pliester, Leon"]
[Black "Kuijf, Rini"]
[Result "0-1"]
[WhiteElo "2390"]
[BlackElo "2490"]
[Annotator "Horn,Pe"]
[PlyCount "92"]
[EventDate "1990.06.??"]
[Source "ChessBase"]
[SourceDate "2004.01.01"]

1. Nf3 d5 2. g3 Bg4 3. Bg2 Nd7 4. d3 e6 5. O-O Bd6 6. h3 Bh5 7. b3 Ne7 {
Gegenueber Ngf6 hat diese Entwicklung den Vorzug der groesseren Flexibilitaet.}
8. Bb2 O-O 9. e4 dxe4 (9... c6 {
hiermit kann Schwarz bekanntes Gelaende erreichen.}) 10. dxe4 Bxf3 11. Bxf3 Be5
12. c3 Nc6 13. Qe2 $14 Bd6 14. Nd2 Nb6 15. Rad1 Qe7 16. e5 Nxe5 17. Bxb7 Rab8
18. Be4 (18. Bg2 $5 {
Auf dieser Diagonale scheint der B mehr Aussichten zu haben.}) 18... f5 $1 19.
Bb1 $6 (19. Bg2 $5) 19... c5 20. c4 Nc6 21. Ne4 (21. Nf3 e5) (21. f4 e5) 21...
Bc7 (21... fxe4 22. Qxe4) 22. Ng5 Rbe8 (22... Qxg5 $4 23. Qxe6+ Kh8 24. Qxc6)
23. f4 e5 24. Rfe1 h6 25. Qh5 Rd8 (25... hxg5 26. fxg5 {/\ g6} 26... g6 27.
Qxg6+ Qg7 28. Qxc6) 26. Rxd8 Nxd8 27. Nf3 e4 28. Nh4 Qe6 29. Qg6 Rf7 30. Rd1
Qxg6 31. Nxg6 Ne6 32. Kf2 Kh7 33. Ne5 Rf8 34. Ke3 g5 35. fxg5 hxg5 36. g4 $2 (
36. Nd7 $5) 36... Nd4 $1 $19 37. Bxd4 cxd4+ 38. Rxd4 Bxe5 39. Rd1 Bf4+ 40. Ke2
Kg6 41. c5 Nc8 42. Rd5 Rh8 43. gxf5+ Kf6 44. Bxe4 Rxh3 45. Bd3 Ne7 46. Rd8 Nc6
0-1